Statistiques concernant Culture Générale - Série 1225

Cliquez ici pour prendre le quiz!

Statistiques générales

  • Ce quiz a été pris 114 fois
  • Le résultat moyen est 6 sur 10

Statistiques - réponses

QuestionRéponse% Correct
Mot d'origine japonaise qui désigne une énorme vague causée par un évènement géologique comme un séisme ou une éruption volcaniquetsunami
99%
Quel pays Isabelle Aubret représentait-elle quand elle remporta le Concours Eurovision de la Chanson en 1962 avec : "Un premier amour" ?France
83%
De quel fleuve français l'Epte est-elle un affluent ?Seine
70%
Quel État des États-Unis abrite le parc national des Everglades ?Floride
68%
En 1982, dans "Rocky III", grâce à quel animal le groupe Survivor connaît-il le succès ?tigre
67%
Ce mot désigne un conifère ou un objet utilisé en cave pour égoutter les bouteilles lavées.if
48%
Quel reptile est appelé "serpent de verre" ?orvet
42%
Dans le sud de la France, quel mot désigne un enfant, un petit garçon ?minot
39%
Quel est le titre français du film d'Alfred Hitchcock "Vertigo" ?Sueurs froides
29%
Ce terme désigne un manuscrit du Moyen Age regroupant des fables et des moralités sur les « bêtes », animaux réels ou imaginaires, ou un gladiateur combattant les bêtes féroces dans la Rome antiquebestiaire
24%

Distribution des résultats

Percentile par nombre de réponses

% des personnes avec chaque résultat

Votre développement - résultats

Vous n’avez pas pris ce quiz